| 000 | 00941nam0a22002531 4500 | ||
|---|---|---|---|
| 001 | rc\2924936 | ||
| 005 | 20250806211458.0 | ||
| 035 | _a(NLR Aleph) 007074815 | ||
| 090 |
_a48705 _c48705 |
||
| 100 | _a20110816d1943 u y0rusy50 ca | ||
| 101 | 0 | _arus | |
| 102 | _aRU | ||
| 105 | _ay z ||||| | ||
| 200 | 1 |
_aСоциалистическая индустриализация - основа обороны СССР _e(Учеб. пособие) _fВоен.-полит. ордена Ленина акад. Красной Армии им. В.И. Ленина, Кафедра истории ВКП(б) |
|
| 210 |
_a[Москва] _cАкадемия _d1943 |
||
| 215 |
_a84 с. _d16 см |
||
| 700 | 1 |
_aЧесноков _bП.А. |
|
| 801 | 0 |
_aRU _bNLR _gpsbo |
|
| 801 | 1 |
_aRU _bELAR _2rusmarc |
|
| 852 |
_aNLR _jЭк14 Г-2/1 |
||
| 942 | _cBOOK | ||
| 945 | _aРоссийская национальная библиотека | ||
| 980 | _aNB | ||
| 980 | _aBV | ||